<?xml version="1.0" encoding="UTF-8"?><?xml-stylesheet type="text/xsl" href="static/style.xsl"?><OAI-PMH xmlns="http://www.openarchives.org/OAI/2.0/" xmlns:xsi="http://www.w3.org/2001/XMLSchema-instance" xsi:schemaLocation="http://www.openarchives.org/OAI/2.0/ http://www.openarchives.org/OAI/2.0/OAI-PMH.xsd"><responseDate>2026-04-14T03:36:57Z</responseDate><request verb="GetRecord" identifier="oai:www.recercat.cat:20.500.12327/1683" metadataPrefix="marc">https://recercat.cat/oai/request</request><GetRecord><record><header><identifier>oai:recercat.cat:20.500.12327/1683</identifier><datestamp>2025-10-22T11:12:57Z</datestamp><setSpec>com_2072_4428</setSpec><setSpec>com_2072_4427</setSpec><setSpec>col_2072_487898</setSpec></header><metadata><record xmlns="http://www.loc.gov/MARC21/slim" xmlns:dcterms="http://purl.org/dc/terms/" xmlns:xsi="http://www.w3.org/2001/XMLSchema-instance" xmlns:doc="http://www.lyncode.com/xoai" xsi:schemaLocation="http://www.loc.gov/MARC21/slim http://www.loc.gov/standards/marcxml/schema/MARC21slim.xsd">
   <leader>00925njm 22002777a 4500</leader>
   <datafield ind2=" " ind1=" " tag="042">
      <subfield code="a">dc</subfield>
   </datafield>
   <datafield ind2=" " ind1=" " tag="720">
      <subfield code="a">Asproni, Pietro</subfield>
      <subfield code="e">author</subfield>
   </datafield>
   <datafield ind2=" " ind1=" " tag="720">
      <subfield code="a">Mainau, Eva</subfield>
      <subfield code="e">author</subfield>
   </datafield>
   <datafield ind2=" " ind1=" " tag="720">
      <subfield code="a">Cozzi, Alessandro</subfield>
      <subfield code="e">author</subfield>
   </datafield>
   <datafield ind2=" " ind1=" " tag="720">
      <subfield code="a">Carreras, Ricard</subfield>
      <subfield code="e">author</subfield>
   </datafield>
   <datafield ind2=" " ind1=" " tag="720">
      <subfield code="a">Bienboire-Frosini, Cécile</subfield>
      <subfield code="e">author</subfield>
   </datafield>
   <datafield ind2=" " ind1=" " tag="720">
      <subfield code="a">Teruel, Eva</subfield>
      <subfield code="e">author</subfield>
   </datafield>
   <datafield ind2=" " ind1=" " tag="720">
      <subfield code="a">Pageat, Patrick</subfield>
      <subfield code="e">author</subfield>
   </datafield>
   <datafield ind2=" " ind1=" " tag="260">
      <subfield code="c">2022-01-26</subfield>
   </datafield>
   <datafield ind2=" " ind1=" " tag="520">
      <subfield code="a">The vomeronasal organ (VNO) is a bilateral chemosensory structure strongly involved in animal behaviour, thanks to its sensory epithelium (VNSE) that detects pheromones. Experimental VNO lesions can impair social, reproductive and maternal behaviour, while feline spontaneous vomeronasalitis has been associated with aggression. This study aimed to describe vomeronasalitis in farm pigs and explore its association with intraspecific behavioural alterations. Using 38 six-month-old pigs, the skin lesion score based on Welfare Quality® protocols was obtained during the fattening period. The seventy-six VNOs from these pigs were stained in haematoxylin-eosin for histological examinations. VNSE inflammation was classified considering its intensity. Skin lesions data were compared to vomeronasalitis. There were 34% of pigs that showed unilateral VNSE inflammation, while 66% were bilaterally affected. The mean ± SD number of skin lesions/animal was 4.4 ± 2.82, and 34% of pigs scored 1 (moderately wounded animals) at least once during the fattening period. Statistical analysis showed an association between bilateral vomeronasalitis and skin lesion score (p &lt; 0.05) and between bilateral moderate vomeronasalitis and skin lesions number (p &lt; 0.01). This is the first report linking vomeronasalitis to social life in farm animals. Considering the role of social life in animal welfare, our data opens a research field linking pathology to animal behaviour.</subfield>
   </datafield>
   <datafield ind1="8" ind2=" " tag="024">
      <subfield code="a">Asproni, Pietro, Eva Mainau, Alessandro Cozzi, Ricard Carreras, Cécile Bienboire-Frosini, Eva Teruel, and Patrick Pageat. 2022. "Is There A Link Between Vomeronasalitis And Aggression In Stable Social Groups Of Female Pigs?". Animals 12 (3): 303. doi:10.3390/ani12030303.</subfield>
   </datafield>
   <datafield ind1="8" ind2=" " tag="024">
      <subfield code="a">2076-2615</subfield>
   </datafield>
   <datafield ind1="8" ind2=" " tag="024">
      <subfield code="a">http://hdl.handle.net/20.500.12327/1683</subfield>
   </datafield>
   <datafield ind1="8" ind2=" " tag="024">
      <subfield code="a">https://doi.org/10.3390/ani12030303</subfield>
   </datafield>
   <datafield ind2="0" ind1="0" tag="245">
      <subfield code="a">Is There a Link between Vomeronasalitis and Aggression in Stable Social Groups of Female Pigs?</subfield>
   </datafield>
</record></metadata></record></GetRecord></OAI-PMH>